| 000 | 00342nam a2200109Ia 4500 | ||
|---|---|---|---|
| 008 | 171211s9999 xx 000 0 und d | ||
| 245 | _aEcology and Wonder: in the Canadian Rocky Mountain Parks World Heritage Site | ||
| 245 | _cRobert W. Sandford | ||
| 260 | _c2010 | ||
| 650 | _xTRAVEL | ||
| 856 | _uhttp://down.ebook777.com/059/1897425570.pdf | ||
| 999 |
_c347764 _d347764 |
||